• 首页
  • 本馆介绍
  • 公告通知
  • 最新文献
  • 馆藏检索
  • 电子资源
  • 读者导购
  • 参考咨询
  • 我的图书馆
  • 登录
  • 详细信息显示
  • 放入我的书架
  • 预约/预借图书
  • 作者相关作品
  • 分类相关作品
  • 丛书相关作品
  • 出版社相关作品

书目信息

  • 表格格式
  • 工作单格式
  • 卡片格式
题名:
赵庆泉盆景艺术
    
 
作者: 汪传龙 , 赵庆泉 编著
分册:  
出版信息: 合肥   安徽科学技术出版社  2014
页数: 151页
开本: 26cm
丛书名:
单 册:
中图分类: S688.1
科图分类:
主题词: 盆景--观赏园艺--中国
电子资源:
ISBN: 978-7-5337-6212-4
000 01034nam0 2200277 450
001 012015000064
005 20150914162609.85
010    @a978-7-5337-6212-4@dCNY50.00
100    @a20140429d2014 em y0chiy50 ea
101 0  @achi@eeng
102    @aCN@b340000
105    @aa z 000yy
106    @ar
200 1  @a赵庆泉盆景艺术@Azhao qing quan pen jing yi shu@dOn the art of Zhao Qingquan's miniature landscape@f汪传龙,赵庆泉编著@zeng
205    @a2版@b修订版
210    @a合肥@c安徽科学技术出版社@d2014
215    @a151页@c图,照片@d26cm
300    @a中国盆景艺术系列
330    @a本书内容分为四个部分,包括盆景艺术经历、盆景创作技艺、盆景杂谈、盆景代表作品赏析。全书全面反映了赵庆泉盆景艺术的风格特点、创作思想及其独特的制作方法。
510 1  @aOn the art of Zhao Qingquan's miniature landscape@zeng
606 0  @a盆景@x观赏园艺@y中国
690    @aS688.1@v5
701  0 @a汪传龙@Awang chuan long@4编著
701  0 @a赵庆泉@Azhao qing quan@4编著
801  0 @aCN@b碧洲教育@c20150716
905    @a10447@f4@dS688.1@e368=2
    
    赵庆泉盆景艺术=On the art of Zhao Qingquan's miniature landscape/汪传龙,赵庆泉编著.-2版,修订版.-合肥:安徽科学技术出版社,2014
    151页:图,照片;26cm
    中国盆景艺术系列
    
    ISBN 978-7-5337-6212-4:CNY50.00
    本书内容分为四个部分,包括盆景艺术经历、盆景创作技艺、盆景杂谈、盆景代表作品赏析。全书全面反映了赵庆泉盆景艺术的风格特点、创作思想及其独特的制作方法。
●
相关链接 在E读中查询图书 在五车中查询图书 在当当中查询图书 在豆瓣中查询图书


正题名:赵庆泉盆景艺术     索取号:S688.1/368=2         预约/预借

序号 登录号 条形码 馆藏地/架位号 状态 备注
1 0870749   208707498   第二样本阅览室/ [索取号:S688.1/368=2] 在馆    
2 0870750   208707504   密集书库-生命科学系/ [索取号:S688.1/368=2] 在馆    
3 0870751   208707513   第三借阅区/ [索取号:S688.1/368=2] 在馆    
4 0870752   208707522   第三借阅区/ [索取号:S688.1/368=2] 在馆    
唐山师范学院图书馆 欢迎您!
大连网信软件有限公司© 版权所有